000 00184nam a2200085 4500
001 1258551
005 20260312190507.0
245 _aMUTLU PRENS
_cOSCAR WİLDE
260 _bPARILTI YAYINLARI
999 _c1258551
_d1258551